1338 1834 1886 1150 1101 1952 1575 1723 1756 1180 1463 1390 1108 1963 1403 1209 1456 1059 1364 1685 1483 1319 1495 1252 1245 1691 1783 1534 1400 1234 1019 1544 1486 1818 1812 1316 1138 1352 1677 1886 1036 1631 1658 1712 1662 1861 1389 1157 1007 1727 1478 1114 1679 1250 1071 1278 1712 1928 1074 1428 1585 1418 1694 1851 1552 1521 1620 1647 1101 1654 1032 1281 1841 1114 1849 1652 1831 1408 1647 1225 1836 1228 1381 1754 1772 1656 1339 1550 1146 1095 1207 1428 1818 1563 1094 1663 1534 1385 1767 BCNSPRNW ULIB Ver.6.0+V

เปลี่ยนเป็นภาษาไทย

Change to English
 แสดงรายละเอียดบรรณานุกรม
  กลับหน้าหลัก

Brief Record : Get Marc (ISO 2709) : E-mail record : QR code < ปิดหน้าต่าง
LEADER : 00000nam 2200000uu 4500
001    13399128099
003     ULIB
008    220526s2563||||th 000 0 tha d
020    ^a9786164881167
060  4 ^aWB115^bร87^cล.3
245 00 ^aโรคทางอายุรศาสตร์ที่พบบ่อย เล่ม 3 /^cหทัยวรรณ รัตนบรรเจิดกุล ... [และคนอื่น ๆ]
250    ^aพิมพ์ครั้งที่ 1
260    ^aกรุงเทพฯ :^bกรุงเทพเวชสาร,^c2563
300    ^a376 หน้า :^bภาพประกอบ; ^c21 ซม.
650  7 ^aโรคอายุรศาสตร์
650  7 ^aอายุรศาสตร์
700 0  ^aหทัยวรรณ รัตนบรรเจิดกุล,^eบรรณาธิการ
700 0  ^aภานุช เอี่ยมประภาพร,^eบรรณาธิการ
700 0  ^aวศิเทพ ลิ้มวรพิทักษ์,^eบรรณาธิการ
700 0  ^aณรงค์กร ซ้ายโพธิ์กลาง,^eบรรณาธิการ
710    ^aมหาวิทยาลัยธรรมศาสตร์ ^bคณะแพทยศาสตร์ ภาควิชาอายุรศาสตร์
945    ^p400^l0^i008802
999    ^aประนอม เกษจรัล
รายการนี้ยังไม่มีแท็ก
คุณยังไม่ได้ล็อกอิน คุณสามารถมีกิจกรรมร่วมกับเว็บไซต์ได้ แต่ต้องล็อกอินก่อน ::
  ล็อกอิน

รายการสื่อสารสนเทศ

ลำดับที่ ประเภท เลขเรียก/บาร์โค้ด สถานที่ สถานะ
1. วิทยาศาสตร์การแพทย์ และสุขภาพ
วิทยาศาสตร์การแพทย์ และสุขภาพ
WB115 ร87 ล.3 ฉ.1 
  Barcode: 008802
ห้องสมุดวิทยาเขตสวรรค์ประชารักษ์
►หนังสือทั่วไป
บนชั้น

รายการใกล้เคียง
    หัวเรื่อง [โรคอายุรศาสตร์]
    หัวเรื่อง [อายุรศาสตร์]

BibComment


ยังไม่เคยถูกคอมเมนท์

คอมเมนท์ทรัพยากรรายการนี้
  คอมเมนท์: โรคทางอายุรศาสตร..


 Copyright 2026. Bcnsprnw @Library